| 000 | 00397nam a2200169Ia 4500 | ||
|---|---|---|---|
| 008 | 230524s9999 xx 000 0 und d | ||
| 020 | _a9780140137798 | ||
| 082 | _bBON | ||
| 100 | _aEdward De Bono | ||
| 245 | 0 | _aLateral Thinking | |
| 250 | _a1ST | ||
| 260 |
_aNEW DELHI _bPenguin _c2000 |
||
| 300 | _aX;260 | ||
| 500 | _aQuantity Number: 15 | ||
| 650 |
_aMiscellaneous _91877 |
||
| 942 | _cBK | ||
| 999 |
_c40020 _d40020 |
||